Skúmanie regionálnych disparít SR z hľadiska vybraných indikátorov diplomová práca

Enregistré dans:
Détails bibliographiques
Auteur principal: Gožová, Martina
Collectivité auteur: Podnikovohospodárska fakulta EU so sídlom v Košiciach. Katedra ekonómie
Autres auteurs: Kropková, Zlata
Format: Livre
Langue:slovaque
Publié: Košice 2009
Tags: Ajouter un tag
Pas de tags, Soyez le premier à ajouter un tag!

MARC

LEADER 00000nam$a2200000$$$4500
001 0098773
005 20240827092959.8
041 0 |a slo 
044 |a SK 
245 1 0 |a Skúmanie regionálnych disparít SR z hľadiska vybraných indikátorov  |b diplomová práca  |c Martina Gožová ; škol. Zlata Kropková 
264 1 |a Košice  |c 2009 
300 |a 101 s. 
100 1 |a Gožová, Martina 
700 1 |a Kropková, Zlata 
710 2 |a Podnikovohospodárska fakulta EU so sídlom v Košiciach. Katedra ekonómie